书目信息 |
| 题名: |
注意力曲线
|
|
| 作者: | 帕拉迪诺 著 ;苗娜 译 | |
| 分册: | ||
| 出版信息: | 北京 中国人民大学出版社 2016 |
|
| 页数: | 284页 | |
| 开本: | 21cm | |
| 丛书名: | ||
| 单 册: | ||
| 中图分类: | B842.3-49 | |
| 科图分类: | ||
| 主题词: | 注意--通俗读物 | |
| 电子资源: | ||
| ISBN: | 978-7-300-23573-8 | |
| 000 | 01035nam0 2200253 450 | |
| 001 | 455 | |
| 005 | 20180520214545.42 | |
| 010 | @a978-7-300-23573-8@b精装@dCNY36.00 | |
| 100 | @a20170328d2016 em y0chiy0110 ea | |
| 101 | 1 | @achi@ceng |
| 102 | @aCN@b110000 | |
| 105 | @ay z 000yy | |
| 200 | 1 | @a注意力曲线@9zhu yi li qu xian@dFind your focus zone@e打败分心与焦虑@f露西·乔·帕拉迪诺(Lucy Jo Palladino)著@g苗娜译@zeng |
| 210 | @a北京@c中国人民大学出版社@d2016 | |
| 215 | @a284页@d21cm | |
| 300 | @a治愈系 | |
| 330 | @a如何才能恰当地控制自己的注意力,提高工作效率?如何才能让自己摆脱过度疲劳的泥潭,享受工作和生活的平衡?如何帮助孩子形成良好的注意力习惯,使他们终生受益?本书给出了非常有效的方法和步骤。遵循这些步骤,你会找到更好的状态,享受工作和生活的乐趣。 | |
| 510 | 1 | @aFind your focus zone@zeng |
| 606 | 0 | @a注意@j通俗读物 |
| 690 | @aB842.3-49@v5 | |
| 701 | 0 | @c(美)@a帕拉迪诺@9pa la di nuo@c(Palladino, Lucy Jo)@4著 |
| 702 | 0 | @a苗娜@9miao na@4译 |
| 801 | 0 | @aCN@b91MARC@c20170328 |
| 905 | @aMuseLib@dB842.3-49@e2147 | |
| 注意力曲线=Find your focus zone:打败分心与焦虑/露西·乔·帕拉迪诺(Lucy Jo Palladino)著/苗娜译.-北京:中国人民大学出版社,2016 |
| 284页;21cm |
| 治愈系 |
| ISBN 978-7-300-23573-8(精装):CNY36.00 |
| 如何才能恰当地控制自己的注意力,提高工作效率?如何才能让自己摆脱过度疲劳的泥潭,享受工作和生活的平衡?如何帮助孩子形成良好的注意力习惯,使他们终生受益?本书给出了非常有效的方法和步骤。遵循这些步骤,你会找到更好的状态,享受工作和生活的乐趣。 |
| ● |
| 相关链接 |
|
|
|
|
正题名:注意力曲线
索取号:B842.3-49/2147
 
预约/预借
| 序号 | 登录号 | 条形码 | 馆藏地/架位号 | 状态 | 备注 |
| 1 | 1102668 | 211026682 | 第一样本阅览室/ [索取号:B842.3-49/2147] | 在馆 | |
| 2 | 1102669 | 211026691 | 教育系资料室/ [索取号:B842.3-49/2147] | 在馆 | |
| 3 | 1102670 | 211026708 | 教育系资料室/ [索取号:B842.3-49/2147] | 在馆 | |
| 4 | 1102671 | 211026717 | 教育系资料室/ [索取号:B842.3-49/2147] | 在馆 | |
| 5 | 1102672 | 211026726 | 第一借阅区/ [索取号:B842.3-49/2147] | 在馆 | |
| 6 | 1102673 | 211026735 | 第一借阅区/ [索取号:B842.3-49/2147] | 在馆 |